Mentioned Countries in "Geography Now - Bhutan" - Statistics

General Stats
  • This quiz has been taken 36 times
  • The average score is 7 of 9
Answer Stats
# Country % Correct
7 China
100%
11 India
100%
50 Bhutan
97%
6 Nepal
97%
1 United States
97%
1 United Kingdom
90%
3 Bangladesh
73%
1 North Korea
27%
1 Bolivia
23%
No matching quizzes found
Score Distribution
Percent of People with Each Score
Percentile by Number Answered
Your Score History
You have not taken this quiz